Developing continuing education in Africa (Record no. 1160)
| 000 -LEADER | |
|---|---|
| fixed length control field | 00448nam a22001697a 4500 |
| 003 - CONTROL NUMBER IDENTIFIER | |
| control field | OSt |
| 005 - DATE AND TIME OF LATEST TRANSACTION | |
| control field | 20140116120847.0 |
| 008 - FIXED-LENGTH DATA ELEMENTS--GENERAL INFORMATION | |
| fixed length control field | 130530b xxu||||| |||| 00| 0 eng d |
| 020 ## - INTERNATIONAL STANDARD BOOK NUMBER | |
| International Standard Book Number | 9789966936066 |
| 050 ## - LIBRARY OF CONGRESS CALL NUMBER | |
| Classification number | LC5258.A2 C662 2008 |
| 100 ## - MAIN ENTRY--PERSONAL NAME | |
| Personal name | Miya, Florence |
| 245 ## - TITLE STATEMENT | |
| Title | Developing continuing education in Africa |
| Statement of responsibility, etc | Florence Miya and Patrick Mageto |
| 300 ## - PHYSICAL DESCRIPTION | |
| Extent | 212p. |
| 600 ## - SUBJECT ADDED ENTRY--PERSONAL NAME | |
| Personal name | Miya Florence |
| 600 ## - SUBJECT ADDED ENTRY--PERSONAL NAME | |
| Source of heading or term | Mageto Peter |
| 942 ## - ADDED ENTRY ELEMENTS (KOHA) | |
| Source of classification or shelving scheme | |
| Koha item type | Book |
| Withdrawn status | Lost status | Source of classification or shelving scheme | Damaged status | Not for loan | Home library | Current library | Shelving location | Date acquired | Total Checkouts | Full call number | Date last seen | Copy number | Price effective from | Koha item type |
|---|---|---|---|---|---|---|---|---|---|---|---|---|---|---|
| Riara University Library | Riara University Library | General stack | 30/05/2013 | LC5258 .A2 C662 2008 | 30/05/2013 | C1 | 30/05/2013 | Book |
